[Event "36th European Club Cup 2021"]
[Site "Struga"]
[Date "2021.09.19"]
[Round "2.8"]
[White "Demchenko, Anton"]
[Black "Fedoseev, Vladimir"]
[Result "0-1"]
[WhiteElo "2610"]
[BlackElo "2708"]
[Annotator "TA"]
[PlyCount "94"]
[EventDate "2021.09.18"]
[EventType "team-tourn"]
[EventCountry "MKD"]
[SourceTitle "playchess.com"]
[Source "ChessBase"]
[SourceQuality "1"]

{[%evp 22,94,0,12,0,3,36,46,46,37,94,92,93,33,43,27,27,27,34,25,27,23,27,27,20,
20,28,21,40,33,56,56,74,74,107,107,107,99,99,99,99,99,99,99,99,99,114,107,107,
107,473,295,640,207,676,670,734,668,872,867,813,210,796,730,230,102,102,-792,
-775,-754,-720,-936,-932,-29981,-29980]} 1. e4 c6 2. d4 d5 3. Nd2 dxe4 4. Nxe4
Bf5 5. Ng3 Bg6 6. Nf3 Nd7 7. h4 h6 8. Bd3 Bxd3 9. Qxd3 Qc7 10. Bd2 e6 11. O-O-O
Ngf6 12. Kb1 Be7 {B19: Classical Caro-Kann: 4...Bf5 main line.} 13. Ne4 {[#]}
Ng4 $146 ({Predecessor:} 13... Rd8 14. Rdg1 Nxe4 15. Qxe4 Nf6 16. Qe2 c5 17.
dxc5 Bxc5 18. g4 Nd5 19. g5 hxg5 20. hxg5 Rxh1 21. Rxh1 {0-1 (35) Podlesnik,B 
(2360)-Pasko,L (2338) Pristina 2018}) 14. Ne5 Ngxe5 {White is slightly better.}
15. dxe5 Nc5 ({Black should try} 15... Nxe5 $14 16. Qg3 O-O-O) 16. Nxc5 $16
Bxc5 17. Be3 (17. Qg3 $16) 17... Be7 $14 18. h5 Rd8 19. Qe4 O-O 20. f4 ({
But not} 20. Bxa7 $2 b6 $19) 20... Rxd1+ 21. Rxd1 Rd8 22. Rxd8+ Qxd8 23. Qd4
Qxd4 24. Bxd4 $11 {[%mdl 4096] Endgame KB-KB} a6 25. g4 f5 26. exf6 $1 gxf6 27.
f5 $1 e5 28. Be3 Bf8 29. c4 Kf7 30. Kc2 Ke7 31. Kb3 Kd6 32. Kb4 Kc7+ 33. Ka5 c5
34. a3 {[%cal Ba2a3,Ba3b4,Bb4b5][%mdl 32]} Kc6 35. b4 e4 $2 {[%mdl 8192]} (
35... cxb4 $16 {is more resistant.} 36. axb4 Kc7) 36. Ka4 $18 b6 (36... Kb6 37.
bxc5+ Kc6) 37. Kb3 $2 (37. b5+ axb5+ 38. cxb5+ Kd5 39. Kb3 c4+ 40. Kc3) 37...
cxb4 $2 (37... Bg7 38. bxc5 bxc5) 38. axb4 a5 39. c5 a4+ 40. Kxa4 bxc5 41. b5+
Kb6 $2 (41... Kb7 42. Ka5 c4) 42. Bd2 c4 {[#]} 43. Ba5+ (43. Be3+ $1 $18 Kc7
44. Ka5) 43... Kb7 $16 {With the idea ...e3.} 44. Bb4 $2 {[%mdl 8192] [#]} (44.
b6 $16) 44... e3 $1 $19 {...Bxb4 is the strong threat.} 45. Bc3 (45. Be1 Bd6)
45... e2 46. Ka5 Bc5 {aiming for ...Bd4!} 47. Be1 {[#]} Bf2 $1 {[%mdl 576]
Promotion. What a bad dream for White.  Weighted Error Value: White=0.61/
Black=0.53} 0-1

[Event "36th European Club Cup 2021"]
[Site "Struga"]
[Date "2021.09.19"]
[Round "2.9"]
[White "Alekseenko, Kirill"]
[Black "Antipov, Mikhail Al."]
[Result "1-0"]
[WhiteElo "2693"]
[BlackElo "2607"]
[Annotator "TA"]
[PlyCount "75"]
[EventDate "2021.09.18"]
[EventType "team-tourn"]
[EventCountry "MKD"]
[SourceTitle "playchess.com"]
[Source "ChessBase"]
[SourceQuality "1"]

{[%evp 10,75,15,22,26,12,14,9,7,14,4,13,26,-12,20,0,1,-49,-31,-55,-62,-57,-60,
-64,0,-49,0,0,0,-17,0,-9,0,0,0,0,91,-12,14,0,10,0,45,52,53,29,263,275,280,279,
279,272,255,205,280,199,290,279,380,357,384,354,454,454,585,550,558,514]} 1. d4
Nf6 2. c4 g6 3. Nf3 Bg7 4. e3 O-O 5. Be2 d6 6. Nc3 Bf5 {E61: King's Indian:
Early deviations for White, including Smyslov System.} 7. O-O Ne4 8. Nxe4 Bxe4
{The position is equal.} 9. Ng5 $5 {[%mdl 4] [#] An interesting side line.} Bf5
$146 ({Predecessor:} 9... Bc6 10. f4 e5 11. dxe5 dxe5 12. Qxd8 Rxd8 13. fxe5
Be8 14. e6 f6 15. c5 Rd5 {1/2-1/2 (36) Kipper,J (2370)-Schuh,D (2379) Germany
2018}) 10. e4 Bd7 11. d5 e6 12. dxe6 fxe6 13. c5 h6 14. Nh3 dxc5 15. Be3 b6 16.
Qd2 Bc6 (16... Bc8 $15) 17. Qc2 Qf6 18. Rab1 Nd7 19. f4 e5 20. f5 Qh4 21. Rbd1
gxf5 22. exf5 Nf6 {[#]} (22... Rad8 $11) 23. Bf4 Rae8 ({Don't go for} 23...
exf4 $2 24. Rxf4 Be4 25. Qc4+ (25. Rxh4 $2 {perishes.} Bxc2 26. Bc4+ Kh8 $19)
25... Bd5 26. Qc1 $18 (26. Rxh4 Bxc4 27. Bxc4+ Kh8 $18) (26. Rxd5 Qe1+ 27. Rf1
Qb4 $16)) 24. Bg3 Qe4 {[%csl Gc6][%cal Re4g2]} 25. Bd3 Qd4+ 26. Nf2 Kh8 27.
Rfe1 {Threatens to win with Bc4.} Nd5 $2 {Loses the game.} (27... Qd7 $11) 28.
Be4 $18 Ne3 {[#]} 29. Rxe3 {[%mdl 512]} Qxe3 30. Bxc6 Rd8 31. Be4 Rd4 32. Qb1
h5 (32... Rxd1+ {was called for.} 33. Qxd1 Bf6) 33. Re1 Qd2 34. h4 Bf6 35. Nh3
Rfd8 36. Ng5 {White is clearly winning.} Bxg5 37. hxg5 Kg8 38. Bxe5 {Weighted
Error Value: White=0.16/Black=0.40} 1-0

[Event "36th European Club Cup 2021"]
[Site "Struga"]
[Date "2021.09.19"]
[Round "2.10"]
[White "Lomasov, Semyon"]
[Black "Ponkratov, Pavel"]
[Result "1/2-1/2"]
[WhiteElo "2526"]
[BlackElo "2657"]
[Annotator "TA"]
[PlyCount "60"]
[EventDate "2021.09.18"]
[EventType "team-tourn"]
[EventCountry "MKD"]
[SourceTitle "playchess.com"]
[Source "ChessBase"]
[SourceQuality "1"]

{[%evp 10,60,16,13,16,11,12,14,40,31,43,34,50,41,43,49,54,50,50,25,50,47,51,41,
42,55,54,54,43,56,47,46,62,52,62,46,47,46,60,40,56,26,25,35,54,0,27,0,42,0,31,
0,54]} 1. e4 e6 2. d4 d5 3. Nc3 Bb4 4. exd5 exd5 5. Bd3 c6 6. Nf3 Ne7 {C01:
French: Exchange Variation.} 7. O-O O-O 8. Ne2 Ng6 {[#]} 9. Ng3 $146 ({
Predecessor:} 9. Ng5 h6 10. Nf3 Bg4 11. Ne5 Nxe5 12. dxe5 f6 13. e6 Qe8 14. c3
Bc5 15. b4 {1-0 (40) Jazdanovs,A (2066)-Gibicar,D (2280) Pardubice 2017}) 9...
Nd7 10. Bg5 Be7 11. Bxe7 Qxe7 12. Qd2 Qd6 13. Rae1 Nf6 14. Ne5 c5 15. dxc5 Qxc5
16. c3 Re8 17. Nxg6 hxg6 18. Rxe8+ Nxe8 19. Re1 Bd7 20. Ne2 Nf6 21. Nd4 Qd6 22.
h3 Re8 23. Rxe8+ Bxe8 24. Qe3 Bd7 25. g4 Qb6 26. Qe2 Qd6 27. Qe3 Qb6 $1 {
[%cal Rb6b2]} 28. Qe2 Qd6 29. Qe3 Qb6 $1 {[%cal Rb6b2]} 30. Qe2 Qd6 {Weighted
Error Value: White=0.10/Black=0.07} 1/2-1/2

[Event "36th European Club Cup 2021"]
[Site "Struga"]
[Date "2021.09.19"]
[Round "2.11"]
[White "Sakaev, Konstantin"]
[Black "Arngrimsson, Dagur"]
[Result "1-0"]
[WhiteElo "2595"]
[BlackElo "2383"]
[Annotator "TA"]
[PlyCount "95"]
[EventDate "2021.09.18"]
[EventType "team-tourn"]
[EventCountry "MKD"]
[SourceTitle "playchess.com"]
[Source "ChessBase"]
[SourceQuality "1"]

{[%evp 14,95,0,0,0,0,0,0,32,33,27,32,30,22,27,25,30,25,93,31,54,53,53,48,51,34,
39,35,40,36,41,39,37,42,45,40,41,23,24,6,6,6,17,6,10,11,18,5,40,0,97,105,108,
105,139,122,154,83,106,83,116,106,116,116,121,106,107,106,107,106,103,102,79,
64,63,38,157,124,634,635,673,663,658,629]} 1. c4 c6 2. Nf3 Nf6 3. Nc3 d5 4. e3
e6 5. b3 Nbd7 6. Bb2 Bd6 7. Qc2 O-O 8. Be2 Qe7 {A11: English Opening: 1...c6.}
9. O-O Re8 10. Rad1 $5 {[%mdl 4] An interesting side line.} a6 {The position
is equal.} 11. d4 b5 12. e4 Nxe4 13. Nxe4 dxe4 14. Qxe4 Nf6 15. Qh4 {[#]} ({Not
} 15. Qxc6 Bb7 $17) 15... Ba3 $146 (15... Nd7 $11) ({Predecessor:} 15... bxc4
16. bxc4 c5 17. Bd3 h6 18. Rfe1 cxd4 19. Nxd4 Qc7 20. Nb3 Be7 21. Be5 Qa7 {
1-0 (113) Arsovic,G (2470)-Jevtic,S (2190) Senta 2007}) 16. Ba1 (16. Bxa3 $16
Qxa3 17. Ne5) 16... h6 17. Ne5 Bb7 $1 18. Bf3 Rac8 19. Qg3 Bd6 20. Rfe1 Nd7 21.
Bc3 Nxe5 22. dxe5 Bb4 23. Bxb4 Qxb4 24. Qf4 Rc7 25. h4 c5 26. Bxb7 Rxb7 27. Re4
Qc3 28. Qd2 Qxd2 29. Rxd2 $11 {[%mdl 4096] Endgame KRR-KRR} Reb8 30. g3 h5 31.
Rf4 Kf8 (31... Ra7 $11 {remains equal.}) 32. Rd6 $16 Ra7 33. Rc6 Rd8 34. Rxc5
bxc4 35. bxc4 (35. Rfxc4 $142 g6 36. Kg2) 35... Ke7 36. Ra5 Rd2 37. Kg2 Rc2 38.
Rd4 g6 39. Kf3 Rb7 40. Rf4 Rbb2 {[#]} 41. Kg2 ({Of course not} 41. Rxa6 $6
Rxf2+ 42. Ke4 Rfe2+ 43. Kf3 Rf2+ 44. Ke4 Rfe2+ 45. Kf3 Rf2+ $11) 41... Rb6 42.
Rc5 {And now Rc7+ would win.} Rb7 43. a4 Ra2 44. a5 Kf8 (44... Ra3 $14) 45.
Rc8+ Kg7 $2 {[%mdl 8192] [#]} (45... Ke7 $16) 46. c5 $18 {[%cal Bc4c5,Bc5c6]
[%mdl 32] White is clearly winning.} Rc2 47. c6 Rb5 48. Rc7 {Weighted Error
Value: White=0.08/Black=0.38} 1-0

[Event "36th European Club Cup 2021"]
[Site "Struga"]
[Date "2021.09.19"]
[Round "2.12"]
[White "Lagerman, Robert"]
[Black "Goganov, Aleksey"]
[Result "1/2-1/2"]
[WhiteElo "2300"]
[BlackElo "2559"]
[Annotator "ChessBase"]
[PlyCount "60"]
[EventDate "2021.09.18"]
[EventType "team-tourn"]
[EventCountry "MKD"]
[SourceTitle "playchess.com"]
[Source "ChessBase"]
[SourceQuality "1"]
[TimeControl "40/5400+30:1800+30"]

1. e4 {[%emt 0:00:04]} c5 {[%emt 0:00:07]} 2. Nf3 {[%emt 0:00:26]} d6 {[%emt 0:
00:07]} 3. Bb5+ {[%emt 0:00:27]} Nd7 {[%emt 0:00:09]} 4. d4 {[%emt 0:00:25]}
cxd4 {[%emt 0:00:15]} 5. Qxd4 {[%emt 0:00:29]} a6 {[%emt 0:00:37]} 6. Bxd7+ {
[%emt 0:00:25]} Bxd7 {[%emt 0:00:07]} 7. c4 {[%emt 0:00:09]} Nf6 {[%emt 0:11:
06]} 8. O-O {[%emt 0:03:04]} g6 {[%emt 0:00:57]} 9. b3 {[%emt 0:06:15]} Bg7 {
[%emt 0:00:12]} 10. Bb2 {[%emt 0:00:02]} O-O {[%emt 0:02:16]} 11. Nc3 {[%emt 0:
00:43]} b5 {[%emt 0:14:45]} 12. cxb5 {[%emt 0:03:14]} axb5 {[%emt 0:01:16]} 13.
Nd5 {[%emt 0:03:36]} Bg4 {[%emt 0:10:33]} 14. Nxf6+ {[%emt 0:06:10]} exf6 {
[%emt 0:00:12]} 15. Rfd1 {[%emt 0:08:56]} Ra6 {[%emt 0:03:58]} 16. a4 {[%emt 0:
03:24]} bxa4 {[%emt 0:01:02]} 17. Rxa4 {[%emt 0:01:33]} Rb6 {[%emt 0:10:06]}
18. Rd3 {[%emt 0:20:56]} Qb8 {[%emt 0:11:34]} 19. Nd2 {[%emt 0:03:27]} Be6 {
[%emt 0:00:11]} 20. Ra8 {[%emt 0:17:49]} Qxa8 {[%emt 0:00:35]} 21. Qxb6 {
[%emt 0:00:02]} Qa2 {[%emt 0:04:58]} 22. Qd4 {[%emt 0:02:27]} Rc8 {[%emt 0:09:
36]} 23. Rc3 {[%emt 0:01:20]} Ra8 {[%emt 0:00:06]} 24. Rc6 {[%emt 0:02:16]} Rd8
{[%emt 0:02:25]} 25. Qb6 {[%emt 0:03:26]} Re8 {[%emt 0:00:10]} 26. Qd4 {
[%emt 0:00:48]} Rd8 {[%emt 0:03:29]} 27. Qb6 {[%emt 0:00:07]} Rf8 {[%emt 0:01:
37]} 28. Qd4 {[%emt 0:00:34]} Rd8 {[%emt 0:01:20]} 29. Qb6 {[%emt 0:00:03]} Rf8
{[%emt 0:00:09]} 30. Qd4 {[%emt 0:00:02]} Rd8 {[%emt 0:11:35]} 1/2-1/2

[Event "36th European Club Cup 2021"]
[Site "Struga"]
[Date "2021.09.19"]
[Round "2.13"]
[White "Heimann, Andreas"]
[Black "Harikrishna, Pentala"]
[Result "1/2-1/2"]
[WhiteElo "2587"]
[BlackElo "2725"]
[Annotator "TA"]
[PlyCount "78"]
[EventDate "2021.09.18"]
[EventType "team-tourn"]
[EventCountry "MKD"]
[SourceTitle "playchess.com"]
[Source "ChessBase"]
[SourceQuality "1"]

{[%evp 13,78,0,15,4,12,12,9,15,13,13,16,4,28,21,27,16,21,20,22,0,0,0,0,0,0,0,0,
-3,0,-3,0,0,0,0,2,0,0,0,0,-12,0,0,0,0,0,0,0,0,0,0,0,0,0,0,0,0,0,0,0,0,0,0,0,0,
0,0,0]} 1. d4 Nf6 2. c4 e6 3. Nf3 d5 4. Nc3 c6 5. e3 Nbd7 6. Be2 Bd6 $1 {
6...Bd6 is better than 6...dxc4.} 7. O-O O-O 8. a4 {D45: Semi-Slav: 5 e3.} b6
9. a5 Rb8 10. axb6 axb6 {[#]} 11. Qc2 $146 ({Predecessor:} 11. Ra7 dxc4 12.
Bxc4 b5 13. Bd3 Bb7 14. Qc2 Qb6 15. Ra1 c5 16. Nxb5 Bxf3 17. gxf3 cxd4 18. Nxd4
{0-1 (31) Riazantsev,A (2684)-Maletin,P (2571) Rostov on Don 2014}) 11... Bb7
12. Rd1 c5 13. b3 Ra8 14. Bb2 Qe7 {The position is equal.} 15. Rxa8 Rxa8 16.
Ra1 (16. Nb5 {keeps more tension.} Bb8 17. Ne5 cxd4 18. exd4 Ra2 19. Qb1) 16...
Rxa1+ 17. Bxa1 cxd4 18. Nxd4 dxc4 19. bxc4 Qd8 20. Bf3 Qc8 21. Ncb5 Be5 22.
Bxb7 Qxb7 23. Bb2 Qe4 {[#] Strongly threatening ...Qxc2.} (23... Ne4 {seems
wilder.} 24. h3 Qa8 25. Nb3 Qc6 26. Bxe5 Nxe5 27. N5d4 Qa8) 24. Qxe4 Nxe4 25.
Bc1 Ndc5 26. Nc6 Bf6 27. f3 Nd3 28. fxe4 {[#] aiming for Ba3.} Nxc1 $11 {
[%mdl 4096] Endgame KBN-KNN} 29. e5 Bg5 30. Kf2 Kf8 31. Nd6 Be7 32. Nxe7 Kxe7 {
KN-KN} 33. Kf3 Nd3 34. Ke4 {[%cal Re4d3]} Nc5+ 35. Kd4 Nd7 36. Nc8+ Kd8 37. Nd6
Ke7 38. Nc8+ Kd8 39. Nd6 Ke7 {An uneventful encounter.  Weighted Error Value:
White=0.03/Black=0.02} 1/2-1/2

[Event "36th European Club Cup 2021"]
[Site "Struga"]
[Date "2021.09.19"]
[Round "2.14"]
[White "Navara, David"]
[Black "Cvitan, Ognjen"]
[Result "1/2-1/2"]
[WhiteElo "2676"]
[BlackElo "2470"]
[Annotator "TA"]
[PlyCount "95"]
[EventDate "2021.09.18"]
[EventType "team-tourn"]
[EventCountry "MKD"]
[SourceTitle "playchess.com"]
[Source "ChessBase"]
[SourceQuality "1"]

{[%evp 27,95,0,3,-30,-40,-31,-30,-35,-33,-66,-31,-38,-22,-39,0,-30,-14,-42,-34,
-43,-20,-8,-8,-22,-10,-17,0,0,0,0,0,0,0,-19,-25,-34,-33,-263,-254,-260,-256,
-255,-236,-244,-256,-236,-227,-214,-229,-221,-76,-99,-86,-93,692,0,0,0,0,0,-8,
-8,-8,-8,0,-169,0,0,0,-158]} 1. e4 c5 2. Nf3 d6 3. d4 cxd4 4. Nxd4 Nf6 5. Nc3
a6 6. Bg5 e6 7. f4 Be7 8. Qf3 Qc7 9. O-O-O Nbd7 10. Bd3 h6 11. Bh4 g5 12. fxg5
Ne5 13. Qe2 Nfg4 14. Nf3 hxg5 15. Bxg5 {B99: Sicilian Najdorf: 6 Bg5 e6 7 f4
Be7 8 Qf3 Qc7 9 0-0-0 Nbd7.} Bxg5+ 16. Nxg5 Qc5 $1 17. Nh3 {Black has an edge.}
Bd7 {[%mdl 1024] Black has compensation.} 18. Rd2 O-O-O 19. Kb1 Kb8 {[#]} 20.
Qe1 $146 ({Predecessor:} 20. Rhd1 Bc6 21. Nf2 Nxf2 22. Qxf2 Qxf2 23. Rxf2 Rxh2
24. a3 Kc7 25. Ne2 Rdh8 26. Kc1 {0-1 (46) Roydov,P-Ljangov,P (2095) Plovdiv
2009}) 20... Rc8 21. Re2 Qd4 22. a3 Nxd3 23. cxd3 Qxd3+ (23... Bb5 $5 {[%cal
Rb5d3]} 24. Nf4 Bxd3+ 25. Nxd3 Qxd3+ 26. Ka1 Rxh2 27. Rxh2 Nxh2 $15) 24. Ka1
Qd4 25. Ng5 Ne5 26. Nf3 Qc5 27. Nxe5 Qxe5 28. g3 Rc4 {[%cal Bc8c4,Bc4e4,Be4e1]
[%mdl 32]} 29. Rf1 Rh7 30. Ref2 Bc6 {[%cal Rc6e4]} 31. Rxf7 Rxh2 {[%cal Rc4e4]
White must now prevent ...Rxe4.} 32. Re7 $2 (32. Rf8+ $15 Ka7 33. R8f2) 32...
Rxe4 $19 33. Rf8+ Ka7 34. Qg1+ Qd4 35. Qxh2 Re1+ 36. Ka2 (36. Nb1 {is a self
mate.} Rxb1+ $1 {[%mdl 512]} 37. Kxb1 Qd1+ 38. Ka2 Bd5+ 39. b3 Qxb3+ 40. Ka1
Qxa3+ 41. Kb1 Be4+ 42. Qc2 Qb3+ 43. Ka1 Bxc2 44. Ra8+ Kxa8 45. Re8+ Ka7 46.
Ra8+ Kxa8 47. g4 Qb1#) 36... Qc4+ 37. b3 Qxc3 {[%csl Gc3][%cal Re1a1]} 38. Qb2
{[#]} Qe3 (38... Qd3 $1 $19 {is more deadly.} 39. Rf2 (39. Qf2+ $2 Re3 $19)
39... Bd5) 39. Rf2 $17 Bd5 {...Rd1 is the strong threat.} 40. Rc2 Bxb3+ 41.
Qxb3 $11 {[%csl Ge7][%cal Rb3b7]} Ra1+ $1 42. Kb2 {[%csl Ge7][%cal Rb3b7]} Rb1+
$1 {[%mdl 64] Skewer, Deflection} 43. Kxb1 {[%csl Ge7][%cal Rb3b7]} Qxb3+ 44.
Rb2 $132 {[%mdl 2048] White is not keeping still} Qd1+ ({Weaker is} 44... Qxa3
45. Rexb7+ Ka8 46. Rb8+ Ka7 47. R2b7#) 45. Ka2 Qd5+ 46. Kb1 $1 {intending g4.}
Qd1+ $2 ({Better is} 46... Kb8 $19 {aiming for ...b5.} 47. Ka1 Kc8) 47. Ka2
Qd5+ (47... Qf3 $11) 48. Kb1 $1 {Quite a comeback for White.  Weighted Error
Value: White=0.16/Black=0.38} 1/2-1/2

[Event "36th European Club Cup 2021"]
[Site "Struga"]
[Date "2021.09.19"]
[Round "2.15"]
[White "Breder, Dennis"]
[Black "Ragger, Markus"]
[Result "1/2-1/2"]
[WhiteElo "2463"]
[BlackElo "2665"]
[Annotator "TA"]
[PlyCount "60"]
[EventDate "2021.09.18"]
[EventType "team-tourn"]
[EventCountry "MKD"]
[SourceTitle "playchess.com"]
[Source "ChessBase"]
[SourceQuality "1"]

{[%evp 13,60,7,8,0,8,7,9,0,11,15,10,9,6,0,9,12,17,17,56,16,11,10,14,14,9,18,10,
5,5,6,4,5,6,4,0,0,1,4,6,4,2,0,0,0,0,0,0,0,4]} 1. e4 c5 2. Nf3 e6 3. c3 Nf6 4.
e5 Nd5 5. Bc4 d6 6. d4 cxd4 7. cxd4 Be7 8. exd6 {B22: Sicilian: 2 c3.} Qxd6 9.
Nc3 {[%cal Bb1c3,Bc3b5,Bb5c7,Bc7d5][%mdl 32]} O-O 10. O-O Nc6 11. Re1 Rd8 12.
Bb3 Nf6 {[%cal Rc6d4]} 13. Nb5 Qd7 14. Bf4 a6 15. Nc7 Ra7 16. d5 exd5 {The
position is equal.} 17. Rc1 Bd6 18. Bxd6 Qxd6 {[#]} 19. Nxd5 {And now Ng5
would win.} h6 ({Don't play} 19... Nxd5 20. Bxd5 Be6 21. Bxe6 $16) 20. Ne3 Qxd1
21. Rexd1 Rxd1+ 22. Rxd1 Bd7 {[#]} 23. Nd5 $146 ({Predecessor:} 23. a3 Kf8 24.
Kf1 Ra8 25. Nd4 Nxd4 26. Rxd4 Rc8 27. Bc4 Rc5 28. Ke2 Ke7 29. b4 {1/2-1/2 (58)
Stevic,H (2604)-Mchedlishvili,M (2618) Reykjavik 2015}) 23... Nxd5 24. Bxd5 b5
25. a3 Kf8 26. Rc1 Ne7 27. Ba2 Be8 28. Ne5 f6 29. Nd3 Bf7 30. Bxf7 Kxf7 {
A rather calm draw.  Weighted Error Value: White=0.03/Black=0.01} 1/2-1/2

[Event "36th European Club Cup 2021"]
[Site "Struga"]
[Date "2021.09.19"]
[Round "2.16"]
[White "Anton Guijarro, David"]
[Black "Brunner, Nicolas"]
[Result "1-0"]
[WhiteElo "2651"]
[BlackElo "2425"]
[Annotator "TA"]
[PlyCount "63"]
[EventDate "2021.09.18"]
[EventType "team-tourn"]
[EventCountry "MKD"]
[SourceTitle "playchess.com"]
[Source "ChessBase"]
[SourceQuality "1"]

{[%evp 9,63,14,23,18,21,16,21,15,23,16,29,14,11,0,0,0,2,2,20,12,18,12,27,15,16,
12,23,14,6,0,41,41,48,47,47,43,42,43,41,46,50,54,64,70,120,125,187,184,306,311,
308,302,337,340,333,311]} 1. e4 c5 2. Nf3 d6 3. Bb5+ Nd7 4. c3 Ngf6 5. Bd3 a6
6. Bc2 {B51: Sicilian: Moscow Variation (3 Bb5+) without 3...Bd7.} b5 7. d4 e6
8. O-O {The position is equal.} Bb7 9. Re1 Be7 10. Nbd2 {[%cal Bb1d2,Bd2f1,
Bf1g3][%mdl 32]} O-O 11. Nf1 Qc7 12. Ng3 Rfc8 13. Bd3 {[#]} g6 $146 ({
Predecessor:} 13... Bf8 14. Bg5 h6 15. Bd2 e5 16. d5 c4 17. Bc2 g6 18. h3 Rcb8
19. Qc1 Kh7 {1-0 (49) Abdusattorov,N (2627)-Yakubboev,N (2605) Tashkent 2021})
14. Bg5 e5 15. Qd2 Re8 16. Rac1 Qb6 17. Bb1 Bf8 18. d5 c4 19. b3 cxb3 20. axb3
a5 21. b4 Rec8 22. h3 Qd8 23. Bd3 Ba6 $1 24. Qe2 Rab8 25. Nd2 h6 26. Be3 axb4
27. cxb4 Nb6 {[#]} (27... Rxc1 $16 {was necessary.} 28. Rxc1 Bg7) 28. Ra1 $1
$18 {[%cal Ra1a6]} (28. Bxb5 Bxb5 29. Qxb5 {[#]} Nbxd5 $1 $17) 28... Na4 {[#]}
(28... Bb7 $142 29. Ra7 (29. Bxb5 Nbxd5 30. exd5 Nxd5 $16) 29... Nfxd5) 29.
Rxa4 $1 {[%mdl 512] White has a decisive advantage.} bxa4 30. Bxa6 Rc2 31. Qd3
Qc7 32. Nc4 {Weighted Error Value: White=0.03/Black=0.12} 1-0

[Event "36th European Club Cup 2021"]
[Site "Struga"]
[Date "2021.09.19"]
[Round "2.17"]
[White "Haag, Gregor"]
[Black "Sasikiran, Krishnan"]
[Result "0-1"]
[WhiteElo "2370"]
[BlackElo "2647"]
[Annotator "TA"]
[PlyCount "104"]
[EventDate "2021.09.18"]
[EventType "team-tourn"]
[EventCountry "MKD"]
[SourceTitle "playchess.com"]
[Source "ChessBase"]
[SourceQuality "1"]

{[%evp 14,104,66,67,61,55,68,71,78,79,79,42,101,94,108,75,99,82,109,106,128,
118,118,121,122,94,94,94,94,94,94,94,120,123,137,94,94,0,139,0,94,94,94,94,94,
94,94,94,94,94,94,94,94,14,14,7,12,0,0,0,0,0,0,0,40,0,0,0,0,-42,0,-123,-112,
-188,-196,-179,-169,-229,-133,-203,-54,-81,-62,-72,-74,-5647,-5052,-5043,-5035,
-1966,-1097,-1545,-1329]} 1. d4 Nf6 2. c4 g6 3. Nc3 Bg7 4. e4 d6 5. Be2 O-O 6.
Be3 e5 7. d5 a5 8. g4 Na6 {E73: King's Indian: Averbakh Variation without 6...
c5.} 9. g5 Nd7 {The main line 9...Nd7 scores better than 9...Ne8.} 10. h4 Ndc5
{White is better.} 11. Qd2 {[#]} a4 $146 ({Predecessor:} 11... c6 12. f3 a4 13.
Nh3 Qa5 14. Nf2 Nb4 15. Kf1 Bd7 16. h5 cxd5 17. cxd5 a3 18. b3 Rfc8 19. Kg2 Rc7
20. hxg6 hxg6 21. Rhc1 {1/2-1/2 (21) Riazantsev,A (2671)-Amonatov,F (2592) St
Petersburg 2015}) 12. O-O-O a3 ({Better is} 12... c6 $14) 13. b3 $1 $16 c6 14.
Kb1 Qa5 15. f3 Nb4 16. Nh3 Ra6 17. Nf2 Rb6 {and if ...Nxa2 works, Black does
fine.} 18. Bxc5 Qxc5 19. Na4 Qxf2 20. Rhf1 Qxh4 21. Nxb6 c5 22. Rh1 Qf2 23.
Rdf1 Qg3 24. Rfg1 Qf2 25. Rf1 Qg3 26. Rfg1 (26. Qc1 $16) 26... Qf4 (26... Qf2
$11) 27. Qxf4 exf4 28. Rh4 Be5 29. Rgh1 h5 30. gxh6 Kh7 31. Bf1 Rd8 32. R4h2
Bd7 33. Bh3 (33. Re2 $16) 33... Bxh3 $11 34. Rxh3 Nd3 35. Rf1 Bd4 36. Kc2 Nb4+
37. Kb1 Nd3 38. Kc2 Ne5 39. Na4 Rb8 $1 40. Nb6 g5 41. Rd1 Be3 42. Na4 (42. Re1
$11 {keeps the balance.}) 42... Rg8 $1 $17 43. Nc3 (43. Rd3 $17) 43... g4 $19
44. fxg4 Rxg4 45. Nb5 {[#]} (45. Rxe3 $142 fxe3 46. Re1) 45... Rg2+ $1 46. Kb1
{[#]} Rb2+ (46... f3 $1 $19 {and Black stays clearly on top.} 47. Nxa3 (47.
Nxd6 $2 Rb2+ 48. Ka1 Bd4 $19) 47... f2) 47. Ka1 $17 Re2 48. Nxa3 ({Don't
blunder} 48. Nxd6 $2 Bd4+ 49. Kb1 Rb2+ 50. Kc1 Be3+ 51. Rxe3 fxe3 $19) 48... f3
49. Rf1 $2 {[%mdl 8192] Now White is beyond hope.} (49. Kb1 $17) 49... Bd4+ {
[%mdl 64] Discovered Attack. Black is clearly winning.} 50. Kb1 Rb2+ 51. Kc1
Nd3+ 52. Kd1 Be3 {[%csl Ge3][%cal Rb2d2] Weighted Error Value: White=0.38/
Black=0.23} 0-1